| 000 | 00450nam a22001577a 4500 | ||
|---|---|---|---|
| 005 | 20251108165859.0 | ||
| 008 | 250721s9999 xx 000 0 ara d | ||
| 082 | 1 | 4 | _aط/591/حيو |
| 245 | 1 | 0 | _aالحيوانات ألفة وغذاء / |
| 264 | 1 |
_aبيروت : _bدار شهرزاد، _c[19-]. |
|
| 300 | _a24ص : مص | ||
| 490 | 0 | _aسلسلة علوم و معارف ؛ 10 | |
| 650 | 1 | 7 | _aالحيوانات |
| 942 |
_2ddc _cBK |
||
| 999 |
_c33753 _d33753 |
||